KFZ Kennzeichen Schleswig-Holstein - Statistics

General Stats
  • This quiz has been taken 7 times
  • The average score is 19 of 23
Answer Stats
Hint Answer % Correct
OD Bad Oldesloe
100%
ECK Eckernförde
100%
FL Flensburg
100%
HL Hansestadt Lübeck
100%
HEI Heide (Holstein)
100%
HUS (Alt) Husum
100%
KI Kiel
100%
NMS Neumünster
100%
OH Ostholstein
100%
PI Pinneberg
100%
RD Rendsburg
100%
SL Schleswig
100%
IZ Itzehoe
86%
NF Nordfriesland
86%
OLD (Alt) Oldenburg in Holstein
86%
PLÖ Plön
86%
SE Segeberg
86%
EUT (Alt) Eutin
71%
RZ Ratzeburg
71%
NIB (Alt) Niebüll
43%
TÖN (Alt) Tönning
43%
MED Meldorf
29%
SH Schleswig-Holstein Landtag/SH Landtag
0%
No matching quizzes found
Score Distribution
Percent of People with Each Score
Percentile by Number Answered
Your Score History
You have not taken this quiz